| 000 | 00585nam a22001697a 4500 | ||
|---|---|---|---|
| 005 | 20231026081240.0 | ||
| 008 | 231026b |||||||| |||| 00| 0 eng d | ||
| 020 | _a9780702125720 | ||
| 041 | _aEnglish | ||
| 082 | _a346.7 SOU | ||
| 100 |
_a Malan FR, Oelofse AN and Pretorius JT _lEnglish |
||
| 245 |
_aSouth African Banking Legislation / _ccompiled and edited by FR Malan, AN Oelofse and JT Pretorius |
||
| 260 |
_aCape Town : _bJuta and Company (Pty) Ltd, _c1991 |
||
| 300 |
_b1053 pages ; _c26, 6 cm. |
||
| 650 |
_aLegal practice _bLaw |
||
| 942 |
_cBK _6ALISON_BN_VRIES |
||
| 999 |
_c71 _d71 |
||